• 首页
  • 本馆介绍
  • 公告通知
  • 最新文献
  • 馆藏检索
  • 电子资源
  • 读者导购
  • 参考咨询
  • 我的图书馆
  • 登录
  • 详细信息显示
  • 放入我的书架
  • 预约/预借图书
  • 作者相关作品
  • 分类相关作品
  • 丛书相关作品
  • 出版社相关作品

书目信息

  • 表格格式
  • 工作单格式
  • 卡片格式
题名:
从电子到夸克
    
 
作者: 陆圐 , 罗辽复 著
分册:  
出版信息: 北京   科学出版社  1986
页数: 156页
开本: 19cm
丛书名: 物理学基础知识丛书
单 册:
中图分类: O572.2
科图分类:
主题词: 基本粒子--基本知识
电子资源:
ISBN:
000 00789nam2 2200289 45
001 0186010086
005 20070802094942.57
010    @dCNY0.96
091    @a13031.3060
100    @a19900818d1986 emky0chiy0121 ea
101 0  @achi
102    @aCN@b110000
105    @ay z 000yy
200 10 @a从电子到夸克@Acong dian zi dao kua ke@e粒子物理学@f陆圐, 罗辽复著
210    @a北京@c科学出版社@d1986
215    @a156页@d19cm
225 2  @a物理学基础知识丛书
410  0 @120010@a物理学基础知识丛书
517 1  @a粒子物理学@Ali zi wu li xue
606    @a基本粒子@x基本知识
610 0  @a电子@a夸克
690    @aO572.2@v3
701  0 @a陆圐@Alu tan@4著
701  0 @a罗辽复@Aluo liao fu@4著
801  2 @aCN@bNLC@c20070802
801  0 @aCN@bTSSF@c20060816
905    @a10447@dO572.2@e17
    
    从电子到夸克:粒子物理学/陆圐, 罗辽复著.-北京:科学出版社,1986
    156页;19cm.-(物理学基础知识丛书)
    
    
    ISBN :CNY0.96
    
●
相关链接 在E读中查询图书 在五车中查询图书 在当当中查询图书 在豆瓣中查询图书


正题名:从电子到夸克     索取号:O572.2/17         预约/预借

序号 登录号 条形码 馆藏地/架位号 状态 备注
1 0433716   204337164   密集书库/ [索取号:O572.2/17] 在馆    
2 0461733   204617334   密集书库/ [索取号:O572.2/17] 在馆    
3 0790877   207908772   密集书库/ [索取号:O572.2/17] 在馆    
唐山师范学院图书馆 欢迎您!
大连网信软件有限公司© 版权所有